La galatea /

Guardado en:
Autor Principal: Cervantes Saavedra, Miguel de
Formato: Libro
Publicado: Barcelona : Sopena, 1960
Series:Sopena, 1-3
Materias:
Etiquetas: Agregar Etiqueta
Sin Etiquetas, Sea el primero en etiquetar este registro!
LEADER 00494nam a22001815a 4500
001 CEM.cems001597
005 20060214000000.0
008 130507s1960##################000#0#####d
003 CEMS
082 0 4 |a 863.3 
100 1 |a Cervantes Saavedra, Miguel de 
245 1 0 |a La galatea / 
260 |a Barcelona :  |b Sopena,  |c 1960 
300 |a 320 p. 
490 0 |a Sopena, 1-3 
653 |a Literatura 
653 |a Novela española-siglo de oro 
859 |a CEMS  |b BIB. CEMS - 11 de abril  |h 863.3  |i C337-20  |p 15875.90  |t Ej.1